Smash Karts Game-Modes (Updated to Season 18) - Statistics

General Stats
  • This quiz has been taken 6 times
  • The average score is 4 of 7
Answer Stats
First Letter Affects KDR (Kill Death Ratio) Answer % Correct
C No Capture the Flag
100%
F Yes Free For All
83%
C No Candy Rush
67%
G No Gem Collector
67%
H No Hat Holder
67%
S Yes Score Target
17%
A Yes Arms Race
0%
No matching quizzes found
Score Distribution
Percent of People with Each Score
Percentile by Number Answered
Your Score History
You have not taken this quiz